Sociología Rural /
Gorde:
| Erakunde egilea: | |
|---|---|
| Formatua: | Liburua |
| Hizkuntza: | Spanish |
| Argitaratua: |
México D.F:
Universidad Autónoma de Chapingo. Departamento de Sociología Rural
|
| Gaiak: | |
| Etiketak: |
Etiketa erantsi
Etiketarik gabe, Izan zaitez lehena erregistro honi etiketa jartzen!
|
MARC
| LEADER | 00000nam a22000007a 4500 | ||
|---|---|---|---|
| 003 | cru IIS | ||
| 005 | 20220104115227.0 | ||
| 008 | 211125b |||||||| |||| 00| 0 spa d | ||
| 040 | |c cru IIS | ||
| 090 | |a REV0959 | ||
| 110 | 1 | |9 10174 |a Universidad Autónoma de Chapingo. |b Departamento de Sociología Rural | |
| 245 | 1 | |a Sociología Rural / |c Universidad Autónoma de Chapingo. Departamento de Sociología Rural | |
| 260 | |a México D.F: |b Universidad Autónoma de Chapingo. Departamento de Sociología Rural | ||
| 500 | |a PERIODICIDAD : trimestral EXISTENCIAS : 1981 2 (5) | ||
| 650 | 0 | |9 747 |a ZONAS RURALES | |
| 650 | 0 | |9 2081 |a SOCIOLOGIA | |
| 650 | 0 | |9 2520 |a CRISIS | |
| 650 | 0 | |9 93 |a AGRICULTURA | |
| 651 | 0 | |9 3410 |a MEXICO | |
| 651 | 0 | |9 308 |a CENTROAMERICA | |
| 942 | |2 ddc |c PP | ||
| 999 | |c 43995 |d 43995 | ||
